| 000 | 00000nam##2200000za#4500 |
| 001 | 9.684079 |
| 003 | CaOODSP |
| 005 | 20250611103657 |
| 007 | ta |
| 008 | 150407|2008||||xxc||||| f|0| 0 fre|d |
| 020 | |a978-0-662-07829-6 |
| 040 | |aCaOODSP|bfre |
| 043 | |an-cn--- |
| 086 | 1 |aA52-83/2008F |
| 110 | 1 |aCanada. |bAgriculture et agroalimentaire Canada. |
| 245 | 14|aUne agriculture efficace pour un air plus sain : |bune analyse scientifique des liens entre les pratiques agricoles et les gaz à effet de serre au Canada / |c[Révisé par] H.H. Janzen ... [et al.]. |
| 260 | |aOttawa - Ontario : |bAgriculture et Agroalimentaire Canada |cMars 2008. |
| 300 | |av, 166p. : |bfigures en couleur, graphiques, cartes, tableaux, photographies ; |c28 cm. |
| 520 | 3 |aPrésente le résultat des recherches réalisées sur le cycle des émissions de gaz à effet de serre liées aux pratiques agricoles. Il fournit également des exemples sur la façon dont le secteur agricole peut contribuer à l'amélioration de la qualité de l'air. |
| 563 | |aCouverture souple |
| 590 | |a09-09|b2009-02-27 |
| 691 | 07|aExploitation agricole|2gcpds |
| 691 | 07|aGaz à effet de serre|2gcpds |
| 775 | 08|tBetter farming, better air : |w(CaOODSP)9.651037 |
| 986 | |a10530F |